Salut Pública i Consum : qui som qui som
Publicado:
Barcelona :
Diputació de Barcelona. Àrea de Salut Pública i Consum. Servei de Salut Pública i Consum ,
2006
Descripción Física:
33 p. : il. col. ; 24 cm
MARC
| LEADER | 00000nam a2200000Ia 4500 | ||
|---|---|---|---|
| 001 | 24388 | ||
| 008 | 160829s2006 xx 000 0 cat d | ||
| 080 | |a FU-65-19 | ||
| 245 | |a Salut Pública i Consum : |b qui som | ||
| 260 | |a Barcelona : |b Diputació de Barcelona. Àrea de Salut Pública i Consum. Servei de Salut Pública i Consum, |c 2006 | ||
| 300 | |a 33 p. : |b il. col. ; |c 24 cm | ||
| 650 | |a Barcelona. Diputació. Àrea de Salut Pública i Consum | ||
| 710 | |a Barcelona (Catalunya : Província). |b Servei de Salut Pública i Consum |9 8151 | ||
| 901 | |a Arxiu | ||
| 942 | |n 1 | ||
| 952 | |0 0 |1 0 |4 0 |6 FU6519 |7 1 |9 55237 |a Arxiu |b Arxiu |d 2016-12-01 |l 0 |o FU-65-19 |p 24388 |r 2016-12-01 00:00:00 |w 2016-12-01 |y ARXIU | ||
| 999 | |c 59109 |d 59109 | ||